000 00338nam a2200145Ia 4500
008 191201s2012 xx 000 0 und d
082 _a658.083
_bSHB
100 _aSHARMA,J.K
245 0 _aBusiness Statistics
250 _a7th IMP
260 _aN.Delhi
_bPearson Education
_c2012
300 _a732
650 _aMBA
942 _2ddc
_cBK
_07
999 _c5325
_d5325